טוען...
Theta functions /
| מחבר ראשי: | |
|---|---|
| פורמט: | Printed Book |
| שפה: | English |
| יצא לאור: |
Springer-Verlag,
1972.
|
| LEADER | 00409nam a2200121Ia 4500 | ||
|---|---|---|---|
| 008 | 150624b xxu||||| |||| 00| 0 eng d | ||
| 082 | |a 515.984 | ||
| 100 | |a Igusa, Jun-ichi | ||
| 245 | |a Theta functions / |c Jun-ichi Igusa | ||
| 260 | |b Springer-Verlag, |c 1972. | ||
| 942 | |c BK | ||
| 999 | |c 8791 |d 8791 | ||
| 952 | |0 0 |1 0 |4 0 |6 515_984000000000000_TGU_T |7 0 |9 8790 |a UL |b UL |c SEC |d 1998-09-01 |l 0 |o 515.984 TGU/T |p 13845 |r 2012-10-27 |w 2012-10-27 |y BK | ||